Statistics for 澳門輕軌車站 Estação Metro Ligeiro de Macau

Click here to take the quiz!

General Stats

  • This quiz has been taken 38 times
  • The average score is 6 of 11

Answers on the Map

Answers color-coded by a green-red scale on the quiz's map according to % correct below.
 

Answer Stats

車站
Estação
% Correct
機場
Aeroporto
86%
海洋
Oceano
69%
馬會
Jockey Clube
55%
氹仔碼頭
Terminal Marítimo da Taipa
55%
運動場
Estádio
52%
東亞運
Jogos da Ásia Oriental
48%
排角
Pai Kok
48%
蓮花口岸
Posto Fronteiriço da Flor de Lótus
48%
路氹東
Cotai Leste
45%
路氹西
Cotai Oeste
45%
科大
UCTM
45%

Score Distribution

Percentile by Number Answered

Percent of People with Each Score

Your Score History

You have not taken this quiz